| 000 | 01760cam a22003014a 4500 | ||
|---|---|---|---|
| 999 |
_c26626 _d26626 |
||
| 001 | 14018605 | ||
| 005 | 20170206083949.0 | ||
| 008 | 050628s2005 ncua b 001 0 eng | ||
| 010 | _a 2005016990 | ||
| 020 | _a0786422114 (softcover : alk. paper) | ||
| 042 | _apcc | ||
| 050 | 0 | 0 | _aND1158 .S36L53 2005 |
| 100 | 1 |
_aLibaw, William H., _d1923- |
|
| 245 | 1 | 0 |
_aPainting in a world transformed : _bhow modern art reflects our conflicting responses to science and change / _cby William H. Libaw ; foreword by Michael Shermer. |
| 260 |
_aJefferson, N.C. : _bMcFarland & Co., _cc2005. |
||
| 300 |
_axii, 268 p. : _bill. ; _c23 cm. |
||
| 504 | _aIncludes bibliographical references (p. 255-262) and index. | ||
| 520 | _a"This book shows how painting since the mid-1800s has reflected Western society's mixed feelings about the transformations in our world produced by science and technology. Neither a chronicle of the development of modern art nor a history of the modern era, it instead discusses how artists have represented feelings and ideas about the technological changes of modern times"--Provided by publisher. | ||
| 650 | 0 |
_aPainting, Modern _y19th century. |
|
| 650 | 0 |
_aPainting, Modern _y20th century. |
|
| 650 | 0 | _aArt and science. | |
| 856 | 4 | 1 |
_3Table of contents _uhttp://www.loc.gov/catdir/toc/ecip0515/2005016990.html |
| 942 |
_2lcc _cBOOKS |
||